Responses for Show #7152 - Tuesday, October 20, 2015

WE ASKED: Actress Bellamy Young.

Contestants

[<< previous game]

Alison Saunders, an architectural historian from Baton Rouge, Louisiana

Robert Arrowood, a former realtor from Provincetown, Massachusetts

Dean Meyer, a scientific editor from Winder, Georgia (whose 1-day cash winnings total $18,700)

[next game >>]

Jeopardy! Round responses

FIRST LADIES
FOOD & DRINK
12-LETTER WORDS
(Alex: Sounds intimidating.)
MYTHOLOGY
RIGHT "UR"
JEOPARDY! ON THE MOVIE MARQUEE
(Alex: You have to give us the correct word in that response. We, uh, kind of messed with it a little bit.)
    $200 1
Jackie Kennedy

Alison
    $200 3
a burrito

Alison
    $200 12
(Alison: What's ambidextrious?)
[Originally ruled correct; ruling reversed after the first break]

ambidextrous

Alison
Triple Stumper
    $200 11
a Cyclops

Robert
    $200 18
urgency

Dean
    $200 13
Night of the Living Dead

Robert
    $400 2
(Robert: Who is Michelle Obama?)

Hillary Rodham Clinton

Robert
Triple Stumper
    $400 4
a Dagwood

Alison
    $400 27
(Dean: Who is Helios?)

Apollo

Dean
Triple Stumper
    $400 19
Urdu

Robert
    $400 14
Frankenstein

Robert
    $600 6
(Robert: Who is Dolley Madison?)
(Dean: Who is McKinley?)

Abigail Adams

DeanRobert
Triple Stumper
    $600 5
Graceland

Robert
    $600 23
(Alex: You are right, with less than a minute to go now.)

kaleidoscope eyes

Dean
    $600 26
Pollux

Dean
    $600 20
Keith Urban

Dean
    $600 15
Oz the Great and Powerful

Alison
    $800 7
Rosalynn Carter

Robert
    $800 9
bread and butter

Robert
    $800 25
Medea

Dean
    $800 21
the Urals

Robert
    $800 16
There Will Be Blood

Robert
    $1000 8
(Robert: Who is Ida McKinley?)

Lucy Hayes

Robert
Triple Stumper
    $1000 10
(Dean: What is a French coffeemaker?)
(Alex: French? Yeah, we'll give it...)
(Dean: [*].)
(Alex: Thank you. That's what we were looking for.)

French press

Dean
    $1000 28
[The end-of-round signal sounds.]

the annunciation

Alison
    $1000 24
dryads

Triple Stumper
    $1000 22
Uruguay

Alison
    $1000 17
Life is Beautiful

Alison

Scores at the first commercial break (after clue 15):

Dean Robert Alison
$400 $1,000 $1,200

Scores at the end of the Jeopardy! Round:

Dean Robert Alison
$2,800 $3,000 $4,200

Double Jeopardy! Round responses

HYMNS
GEOLOGY
CHARACTERS ON STAGE
(Alex: We'll give you the characters, you identify the play for us.)
NEW HAMPSHIRE
1970s TV
EVERY OTHER LETTER IS O
    $400 18
"Amazing Grace"

Dean
    $400 21
faults

Robert
    $400 1
Jersey Boys

Robert
    $400 12
Massachusetts

Robert
    $400 6
Mork

Dean
    $400 11
a donor

Robert
    $800 23
"Battle Hymn Of The Republic"

Robert
    $3,000 25
(Alison: What is South America?)

Africa

Alison
    $800 2
The Heidi Chronicles

Triple Stumper
    $800 13
Daniel Webster

Alison
    $800 7
Sanford and Son

Alison
    $800 14
Solomon

Dean
    $1200 24
for the Bible tells me so

Alison
    $1200 26
volcanic (or igneous)

Dean
    $1200 3
Harvey

Robert
    $1200 19
On Golden Pond

Dean
    $1200 8
The Incredible Hulk

Robert
    $3,200 15
rococo

Dean
    $1600 29
abide with me

Triple Stumper
    $1600 27
amorphous

Dean
    $1600 4
Inherit the Wind

Robert
    $1600 20
Ives

Alison
    $1600 9
(Dean: Who is David Carradine?)
...
(Alex: [*], yes. We wanted the character.)

Caine

DeanAlison
    $1600 16
a boson

Robert
    $2000 30
the old rugged cross

Robert
    $2000 28
(Robert: What is a plateau?)

a butte

Robert
Triple Stumper
    $2000 5
The Front Page or His Girl Friday

Triple Stumper
    $2000 22
Portsmouth

Robert
    $2000 10
CHiPS

Dean
    $2000 17
the bonobo

Triple Stumper

Scores at the end of the Double Jeopardy! Round:

Dean Robert Alison
$12,000 $13,000 $7,200

[wagering suggestions for these scores]

Final Jeopardy! Round responses

20th CENTURY NOVELS
AlisonWhat is Wicked
$7,100
DeanWhat is Wicked?
$12,000
RobertWhat is Wicked
$12,500
Wicked

Final scores:

Dean Robert Alison
$24,000 $25,500 $14,300
2nd place: $2,000 New champion: $25,500 3rd place: $1,000

Game dynamics:

Coryat scores:

Dean Robert Alison
$10,000 $13,000 $10,200
14 R
(including 1 DD),
3 W
20 R,
4 W
12 R,
2 W
(including 1 DD)

Combined Coryat: $33,200

[game clues] [game scores] [suggest correction]

Game tape date: 2015-09-09
The J! Archive is created by fans, for fans. Scraping, republication, monetization, and malicious use prohibited; this site may use cookies and collect identifying information. See terms. The Jeopardy! game show and all elements thereof, including but not limited to copyright and trademark thereto, are the property of Jeopardy Productions, Inc. and are protected under law. This website is not affiliated with, sponsored by, or operated by Jeopardy Productions, Inc. Join the discussion at JBoard.tv.